Welcome to the Holygrace Academy Library

Please use search bar below to get started

KHALIFAYUM ATHIPPAZHANGALUM (Record no. 1641)

MARC details
000 -LEADER
fixed length control field 00276nam a22001217a 4500
082 ## - DEWEY DECIMAL CLASSIFICATION NUMBER
Classification number 894.812.3
Item number NAM/K
100 ## - MAIN ENTRY--AUTHOR NAME
Personal name NAMBOOTHIRI,ESWARAN,- Tr.
245 ## - TITLE STATEMENT
Title KHALIFAYUM ATHIPPAZHANGALUM
260 ## - PUBLICATION, DISTRIBUTION, ETC. (IMPRINT)
Place of publication KOTTAYM
Name of publisher MAMBAZHAM
300 ## - PHYSICAL DESCRIPTION
Number of Pages 184
650 ## - SUBJECT ADDED ENTRY--TOPICAL TERM
Topical Term STORY
Geographic subdivision KERALA
942 ## - ADDED ENTRY ELEMENTS (KOHA)
Koha item type Books
Holdings
Withdrawn status Lost status Collection code Home library Current library Shelving location Date acquired Source of acquisition Full call number Accession Number Koha item type
    Fiction Main Library Main Library SHELF-6C MALAYALAM SHORT STORIES 11/12/2019 PURCHASE 894.812.3 NAM/K 12218 Books